[Event "Angers op 15th"]
[Site "Angers"]
[Date "2022.05.27"]
[Round "1"]
[White "Allard Nedellec, Guilhem"]
[Black "Harutyunyan, Ruben"]
[Result "0-1"]
[WhiteElo "1915"]
[BlackElo "2381"]
[PlyCount "126"]
[EventDate "2022.05.27"]
[EventType "swiss"]
[EventRounds "6"]
[EventCountry "FRA"]
[SourceTitle "CBM 208 Extra"]
[Source "ChessBase"]
[SourceDate "2022.07.31"]
[SourceVersion "1"]
[SourceVersionDate "2022.07.31"]
[SourceQuality "1"]

1. e4 c5 2. Nf3 d6 3. c3 Nf6 4. Be2 Nc6 5. d3 e5 6. 0-0 Be7 7. d4 0-0 8. dxe5 dxe5 9. Qc2 Qc7 10. h3 h6 11. Be3 Be6 12. Nbd2 Rac8 13. Rad1 Rfd8 14. Bb5 Nd4 15. cxd4 cxd4 16. Qxc7 Rxc7 17. Bxh6 gxh6 18. Nxe5 Rc5 19. Nxf7 Bxf7 20. Bd3 Nd7 21. f4 Rc6 22. Bb1 Nc5 23. e5 d3 24. f5 Bg5 25. e6 Nxe6 26. fxe6 Bxe6 27. Rfe1 Bf7 28. h4 Bxh4 29. Re3 Bh5 30. Nf3 Bxf3 31. gxf3 d2 32. Kf1 Bg5 33. Re4 Rc1 34. Ke2 Rf8 35. Bd3 Rxd1 36. Kxd1 Rxf3 37. Be2 Re3 38. Rc4 Re7 39. Rc5 Kg7 40. a4 Kf6 41. a5 h5 42. a6 bxa6 43. Rc6+ Kg7 44. Rc5 Be3 45. Rc4 Kg6 46. b3 Kg5 47. Rc6 a5 48. Rc8 Re5 49. Kc2 Rd5 50. Bd1 h4 51. Rh8 Rd4 52. Rh5+ Kg6 53. Rxa5 Rd8 54. Re5 Bg5 55. Ra5 h3 56. Ra6+ Bf6 57. Ra5 h2 58. Rh5 Rh8 59. Rxh8 Bxh8 60. Bf3 Bc3 61. Kxc3 d1Q 62. Bxd1 h1Q 63. Bc2+ Kf6 0-1